| 000 | 00773nam a22002057a 4500 | ||
|---|---|---|---|
| 999 |
_c189444 _d189444 |
||
| 005 | 20220701102113.0 | ||
| 010 | _aENG-132865 | ||
| 020 |
_a9788177911538 _c160.00 |
||
| 035 | _aEN-116397 | ||
| 037 | _bDBAD/PUB | ||
| 082 | _a353.5333095487 | ||
| 100 | _aMadheswaran, S | ||
| 245 |
_aSocial and Economic Change Monographs 54: _bSlum Governance in Karnataka: Trends, Issues and Roadmap/ _cS Madheswaran, B P Vani and Sanjiv Kumar |
||
| 260 |
_aBangalore _bInstitute for Social and Economic Change _c2018 |
||
| 270 |
_aDr VKRV Rao Road, Nagarabhavi P.O. _bBangalore _e560072 _k23215468, 23215519, 23215592 _madmn@isec.ac.in |
||
| 300 |
_axi, 130p _c23cm(pbk) |
||
| 700 | _aVani, B P | ||
| 700 | _aKumar, Sanjiv | ||
| 942 |
_2ddc _cEN _h353.5333095487 _mMAD |
||